Southville International School and Colleges
Your cart is empty.
  • Cart
  • Lists
    Public lists Eva Luna New books Lux_list list_1
    Your lists Log in to create your own lists
  • Log in to your account
  • Your cookies
  • Search history
Southville International School and Colleges
  • Advanced search
  • Recent comments
  • Most popular
  • Libraries

Log in to your account

Log in with GOOGLE


If you do not have an external account, but do have a local account, you can still log in:

  1. Home
  2. MARC view: Essential french /
Normal view MARC view ISBD view

Essential french / (Record no. 284568)

[ view plain ]
MARC details
000 -LEADER
fixed length control field 00565nam a22001817a 4500
003 - CONTROL NUMBER IDENTIFIER
control field PILC
005 - DATE AND TIME OF LATEST TRANSACTION
control field 20150601163113.0
008 - FIXED-LENGTH DATA ELEMENTS--GENERAL INFORMATION
fixed length control field 150601b xxu||||| |||| 00| 0 eng d
020 ## - INTERNATIONAL STANDARD BOOK NUMBER
International Standard Book Number 9780307478429
050 ## - LIBRARY OF CONGRESS CALL NUMBER
Classification number PC 2073
Item number .Es78 2010
245 ## - TITLE STATEMENT
Title Essential french /
Statement of responsibility, etc edited by Shaina Malkin and Christine Boucher.
260 ## - PUBLICATION, DISTRIBUTION, ETC. (IMPRINT)
Place of publication, distribution, etc USA :
Name of publisher, distributor, etc Living Language,
Date of publication, distribution, etc 2010.
300 ## - PHYSICAL DESCRIPTION
Extent 272 pages :
Other physical details illustrations (some color) ;
Dimensions 23 cm +
Accompanying material 1 notebook.
500 ## - GENERAL NOTE
General note Includes glossary.
700 ## - ADDED ENTRY--PERSONAL NAME
Personal name Malkin, Shaina.
700 ## - ADDED ENTRY--PERSONAL NAME
Personal name Boucher, Christine.
942 ## - ADDED ENTRY ELEMENTS (KOHA)
Source of classification or shelving scheme Library of Congress Classification
Koha item type Books
Call number prefix Foreign
Holdings
Withdrawn status Lost status Source of classification or shelving scheme Damaged status Home library Current library Shelving location Date acquired Source of acquisition Total Checkouts Full call number Barcode Date last seen Date checked out Price effective from Koha item type
    Library of Congress Classification   College Library College Library General Circulation Section 06/01/2015 Library Fund 1 PC 2073 .Es78 2010 C19489 09/16/2024 05/20/2024 06/01/2015 Books

Essential french /

APA

Malkin S., Boucher C., . (2010). Essential french. USA: Living Language.

Chicago

Malkin Shaina, Boucher Christine, . 2010. Essential french. USA: Living Language.

Harvard

Malkin S., Boucher C., . (2010). Essential french. USA: Living Language.

MLA

Malkin Shaina, Boucher Christine, . Essential french. USA: Living Language. 2010.

  • Place hold
  • Print
  • Cite
  • Add to your cart (remove)
  • Save record
    BIBTEX Dublin Core MARCXML MARC (non-Unicode/MARC-8) MARC (Unicode/UTF-8) MARC (Unicode/UTF-8, Standard) MODS (XML) RIS
  • More searches
    Search for this title in:
    Other Libraries (WorldCat) Other Databases (Google Scholar) Online Stores (Bookfinder.com) Open Library (openlibrary.org)

Exporting to Dublin Core...

SOUTHVILLE LIBRARY

Southville International School and Colleges Library

1281 Tropical Ave. Cor. Luxembourg St., BF Homes International, Las Pinas City

Tel. No. 8256374 / 252358 Loc. 117/146

Powered by Koha